| 000 | 00946cam a22002651 4500 | ||
|---|---|---|---|
| 999 |
_c20354 _d20354 |
||
| 001 | 1225857 | ||
| 003 | BDDh-ASL | ||
| 005 | 20231015025858.0 | ||
| 008 | 740801r19611903nyu 000 0 eng | ||
| 010 | _a 66030424 | ||
| 040 |
_aDLC _cDLC _dDLC _dOCoLC _dDLC _dBDDh-ASL |
||
| 041 | 1 | _aengger | |
| 050 | 0 | 0 |
_aB741 _b.B7 1967 |
| 082 | 0 | 0 |
_a297.09 _bDEH |
| 100 | 1 |
_aBoer, T. J. de _q(Tjitze J.), _d1866- |
|
| 240 | 1 | 0 |
_aGeschichte der Philosophie im Islam / _lEnglish |
| 245 | 1 | 4 |
_aThe history of philosophy in Islam, _cby T. J. de Boer. Translated by Edward R. Jones. |
| 260 |
_aNew York: _bDover Publications _c[1961] |
||
| 300 |
_axiii, 216 p. _c22 cm. |
||
| 500 | _a"Unabridged and unaltered republication of the work originally published ... in 1903." | ||
| 500 | _aTranslation of Geschichte der Philosophie im Islam. | ||
| 650 | 0 |
_aIslamic philosophy _xHistory. |
|
| 906 |
_a7 _bcbc _corignew _du _eocip _f19 _gy-gencatlg |
||
| 942 |
_2ddc _cBK |
||